000 00300nam a2200121Ia 4500
008 191201s2018 xx 000 0 und d
100 _aSCHUTT,Rachel and O' Neil,Cathy
245 0 _aDoing Data Science
260 _c2018
_aNew Delhi
_bShroff
300 _a375
650 _aB.Tech(IT)
942 _2ddc
_cBK
999 _c6895
_d6895